ბათუმის შოთა რუსთაველის სახელმწიფო უნივერსიტეტის ბიბლიოთეკა

Архитектура гражданских и промышленных зданий. Основы проектирования. (ბიბ.ჩანაწერი № 40395)

000 -LEADER
fixed length control field 00807nam a2200217Ia 4500
001 - CONTROL NUMBER
control field 7003
003 - CONTROL NUMBER IDENTIFIER
control field GE_BSU
008 - FIXED-LENGTH DATA ELEMENTS--GENERAL INFORMATION
fixed length control field 181216s||||||||xx |||||||||||||| ||und||
040 ## - CATALOGING SOURCE
Transcribing agency GE_BSU
080 ## - UNIVERSAL DECIMAL CLASSIFICATION NUMBER
Universal Decimal Classification number 725.011(075.8)
100 ## - MAIN ENTRY--PERSONAL NAME
Personal name Великовский,А.К. Гуляницкий,Н.Ф. Ильинский,В.М. идр.
245 ## - TITLE STATEMENT
Title Архитектура гражданских и промышленных зданий. Основы проектирования.
245 ## - TITLE STATEMENT
Remainder of title Учебник.
245 ## - TITLE STATEMENT
Statement of responsibility, etc. Под общ. ред. В.М.Предтеченского.
260 ## - PUBLICATION, DISTRIBUTION, ETC.
Place of publication, distribution, etc. М.
260 ## - PUBLICATION, DISTRIBUTION, ETC.
Name of publisher, distributor, etc. Стройиздат.
260 ## - PUBLICATION, DISTRIBUTION, ETC.
Date of publication, distribution, etc. 1966.
300 ## - PHYSICAL DESCRIPTION
Extent 202стр.27см.с илл.
653 ## - INDEX TERM--UNCONTROLLED
Uncontrolled term Архитектура гражданских и промышленных зданий.
942 ## - ADDED ENTRY ELEMENTS (KOHA)
Koha item type წიგნი
ეგზემპლარები
Withdrawn status Lost status Damaged status Not for loan Date acquired Barcode Date last seen Price effective from Koha item type
        2018-12-17 12228 2018-12-17 2018-12-17 წიგნი